<?xml version="1.0" encoding="UTF-8"?><?xml-stylesheet type="text/xsl" href="static/style.xsl"?><OAI-PMH xmlns="http://www.openarchives.org/OAI/2.0/" xmlns:xsi="http://www.w3.org/2001/XMLSchema-instance" xsi:schemaLocation="http://www.openarchives.org/OAI/2.0/ http://www.openarchives.org/OAI/2.0/OAI-PMH.xsd"><responseDate>2026-06-03T23:22:27Z</responseDate><request verb="GetRecord" identifier="oai:riuma.uma.es:10630/7781" metadataPrefix="marc">https://riuma.uma.es/rest/oai/request</request><GetRecord><record><header><identifier>oai:riuma.uma.es:10630/7781</identifier><datestamp>2026-02-03T12:32:56Z</datestamp><setSpec>com_10630_2254</setSpec><setSpec>col_10630_37959</setSpec></header><metadata><record xmlns="http://www.loc.gov/MARC21/slim" xmlns:dcterms="http://purl.org/dc/terms/" xmlns:doc="http://www.lyncode.com/xoai" xmlns:xsi="http://www.w3.org/2001/XMLSchema-instance" xsi:schemaLocation="http://www.loc.gov/MARC21/slim http://www.loc.gov/standards/marcxml/schema/MARC21slim.xsd">
   <leader>00925njm 22002777a 4500</leader>
   <datafield ind2=" " ind1=" " tag="042">
      <subfield code="a">dc</subfield>
   </datafield>
   <datafield ind2=" " ind1=" " tag="720">
      <subfield code="a">Barrios-Espinosa, María Elvira</subfield>
      <subfield code="e">author</subfield>
   </datafield>
   <datafield ind2=" " ind1=" " tag="720">
      <subfield code="a">Montijano-Cabrera, María del Pilar</subfield>
      <subfield code="e">author</subfield>
   </datafield>
   <datafield ind2=" " ind1=" " tag="260">
      <subfield code="c">2014-07-07</subfield>
   </datafield>
   <datafield ind2=" " ind1=" " tag="520">
      <subfield code="a">Esta comunicación expone la experiencia de uso de la tarea que se denominó “de Reflexión Compartida” durante un periodo de Prácticas del Grado en Educación Primaria por la Universidad de Málaga, que pretendía fomentar el diálogo reflexivo profesional entre el tutor del centro educativo y el estudiante en prácticas. La experiencia se desarrolló en el marco de un proyecto de innovación educativa entre cuyos objetivos figuraba el diseño de estrategias y materiales didácticos específicos para esta asignatura. Además de una fundamentación y explicación de las características de la tarea, la comunicación incluye la evaluación de la misma por los estudiantes, así como un análisis de las dificultades de realización que han detectado.</subfield>
   </datafield>
   <datafield ind1="8" ind2=" " tag="024">
      <subfield code="a">http://hdl.handle.net/10630/7781</subfield>
   </datafield>
   <datafield tag="653" ind2=" " ind1=" ">
      <subfield code="a">Profesores - Formación profesional</subfield>
   </datafield>
   <datafield ind2="0" ind1="0" tag="245">
      <subfield code="a">La tarea de reflexión compartida como instrumento dialógico de formación docente durante las Prácticas de Enseñanza</subfield>
   </datafield>
</record>
</metadata></record></GetRecord></OAI-PMH>